000 00324nam a22001337a 4500
008 170630b xxu||||| |||| 00| 0 eng d
020 _a9780385341004
041 _aeng
080 _a82
100 _a22
101 _aGJL
245 _aTHE GUERNSEY LITERATURE PATAT PEEL PIE SOCIETY
_cSHAFFER.M.A
942 _2udc
_cBK
999 _c19744
_d19744